| 000 | 00825nam a2200241 a 4500 | ||
|---|---|---|---|
| 001 | 000019421 | ||
| 005 | 20200929170019.0 | ||
| 008 | 100629s2008 es ac 001 0 spa d | ||
| 020 | _a9788484038573 | ||
| 040 |
_aDO-SdBNP _bspa _cBNPHU |
||
| 082 |
_a923.2 _bG939 |
||
| 245 | 0 | 0 |
_a"Che" Guevara / _ccoordinador Manuel Giménez Saurina. |
| 260 |
_aMadrid : _bEdimat Libros, _c2008. _fTaller de libros |
||
| 300 |
_a192 p. : _bil., retrs. ; _c22 cm. |
||
| 490 | 1 | _aGrandes biografías | |
| 500 | _aIncluye notas al pie de las páginas | ||
| 500 | _aIncluye cronología de Che Guevara 1928-1967 | ||
| 500 | _aIncluye datos biográficos del autor en la contracubierta | ||
| 504 | _aIncluye bibliografía (p. 189) | ||
| 600 | 1 | 4 |
_aGUEVARA, ERNESTO, _d1928-1967 _919253 |
| 830 | 0 |
_aGrandes biografías _911230 |
|
| 049 | _aBNPD | ||
| 999 |
_c18937 _d18937 |
||